Normal view
MARC view
- Kongress
Entry Genre/Form Term
001 - CONTROL NUMBER
- control field: 81663
003 - CONTROL NUMBER IDENTIFIER
- control field: NUST
005 - DATE AND TIME OF LATEST TRANSACTION
- control field: 20210823162906.0
008 - FIXED-LENGTH DATA ELEMENTS
- fixed length control field: 210823|| aca||aabn | a|a d
040 ## - CATALOGING SOURCE
- Original cataloging agency: NUST
- Transcribing agency: NUST
155 ## - HEADING--GENRE/FORM TERM
- Genre/form term: Kongress
670 ## - SOURCE DATA FOUND
- Source citation: Work cat.: (NUST)48214: Das, Sandip 81647, WALCOM: Algorithms and Computation :, c2009.
